Gizli Emir (Record no. 1262009)

MARC details
000 -LEADER
sabit uzunluktaki kontrol alanı 00274nam a2200109Ia 4500
001 - KONTROL NUMARASI
kontrol alanı 1262009
005 - EN SON İŞLEMİN TARİH VE ZAMANI
kontrol alanı 20260417140403.0
008 - SABİT-UZUNLUKTA VERİ ÖĞELERİ--GENEL BİLGİ
sabit uzunluktaki kontrol alanı 260417s9999 xx 000 0 und d
020 ## - ULUSLARARASI STANDART KİTAP NUMARASI
Uluslararası Standart Kitap Numarası 9789752899285
245 #0 - ESER / YAZAR
ESER ADI Gizli Emir
Yazar Adı Melih Cevdet Anday
260 ## - YAYIN, DAĞITIM, VB.
YAYIN EVİ Everest Yayınları
Holdings
Düşüm durumu Kayıp durumu Hasar Durumu Ödünç verilmez Ana kütüphane Geçerli Kütüphane Edinilen tarih Toplam ödünç verme sayısı Barkod Son görüntüleme tarihi Fiyatın geçerli olmaya başladığı tarih Koha materyal türü
        ADİL KARAAĞAÇ MESLEKİ VE TEKNİK ANADOLU LİSESİ ADİL KARAAĞAÇ MESLEKİ VE TEKNİK ANADOLU LİSESİ 17.04.2026   11123042 17.04.2026 17.04.2026 Books